| 000 | 00975nam0a2200313 4500 | ||
|---|---|---|---|
| 001 | RU\NLR\BIBL_A\012599051 | ||
| 005 | 20250624082253.0 | ||
| 010 | _92000 | ||
| 035 | _a(NLR Aleph) 012599051 | ||
| 090 |
_a13305369 _c13305369 |
||
| 100 | _a20210921d1964 |||y0rusy50 ca | ||
| 101 | 0 | _akir | |
| 102 | _aKG | ||
| 105 | _ay z 000cy | ||
| 181 | 0 |
_ai _baxxe |
|
| 182 | 0 | _an | |
| 200 | 1 | _aЧындык жана чыгарма | |
| 203 |
_aТекст _bвизуальный _cнепосредственный |
||
| 210 |
_aФрунзе _cКыргызстан _d1964 |
||
| 215 |
_a244 с. _d17 |
||
| 541 | 1 |
_6z01790 _aДействительность и творчество _zrus |
|
| 686 | 1 | _aШ408 | |
| 686 | 1 | _aШ401.27 | |
| 700 | 1 |
_aҮмѳталиев _bШ. _f1925-2001 _gШаршенбек _4070 |
|
| 790 | 1 |
_6z01541 _aУметалиев _bШ. _f1925-2001 _gШаршенбек _4070 |
|
| 852 |
_aNLR _bОНЛ _jКирг./2-4030 |
||
| 942 | _cBOOK | ||
| 980 | _aNB | ||